<?xml version="1.0" encoding="UTF-8"?>
<collection xmlns="http://www.loc.gov/MARC21/slim">
 <record>
  <leader>01689nam a2200253 a 4500</leader>
  <controlfield tag="001">1/54772</controlfield>
  <controlfield tag="008">211218s2010    gr            000 | gre d</controlfield>
  <datafield tag="020" ind1=" " ind2=" ">
   <subfield code="a">9789604820450</subfield>
   <subfield code="q">(τ. 3)</subfield>
  </datafield>
  <datafield tag="020" ind1=" " ind2=" ">
   <subfield code="a">9789604820467</subfield>
   <subfield code="q">(τ. 4)</subfield>
  </datafield>
  <datafield tag="020" ind1=" " ind2=" ">
   <subfield code="a">9789604820474</subfield>
   <subfield code="q">(τ. 5)</subfield>
  </datafield>
  <datafield tag="040" ind1=" " ind2=" ">
   <subfield code="a">GR-PeUP</subfield>
  </datafield>
  <datafield tag="082" ind1="0" ind2="0">
   <subfield code="a">949.506 ΧΙΛ</subfield>
  </datafield>
  <datafield tag="245" ind1="0" ind2="0">
   <subfield code="a">1821 :</subfield>
   <subfield code="b">η γέννηση ενός έθνους-κράτους.</subfield>
  </datafield>
  <datafield tag="246" ind1="0" ind2="0">
   <subfield code="a">Χίλια οκτακόσια είκοσι ένα :</subfield>
   <subfield code="b">η γέννηση ενός έθνους-κράτους.</subfield>
  </datafield>
  <datafield tag="260" ind1=" " ind2=" ">
   <subfield code="a">Αθήνα :</subfield>
   <subfield code="b">ΣΚΑΙ Βιβλίο,</subfield>
   <subfield code="c">2010.</subfield>
  </datafield>
  <datafield tag="300" ind1=" " ind2=" ">
   <subfield code="a">τ. 3-5 (160 · 159 · 159 σ.) ;</subfield>
   <subfield code="c">24 εκ.</subfield>
  </datafield>
  <datafield tag="505" ind1="0" ind2=" ">
   <subfield code="a">Τ. 3. Ο αγώνας των Ελλήνων πολιτικές επιλογές και στρατιωτικές επιχειρήσεις επιχειρήσεις (1821-1827) / Ιάκωβος Μιχαηλίδης -- τ. 4. Η διαχείριση του Ελληνικού κράτους από τον Καποδίστρια στον Όθωνα / Σωτηρούλα Βασιλείου, Κωνσταντίνος Παπανικολάου -- τ. 5. Ιδεολογικά ρεύματα: Έλληνες - Οθωμανοί / Πασχάλης Κιτρομηλίδης.</subfield>
  </datafield>
  <datafield tag="651" ind1=" " ind2="4">
   <subfield code="a">Ελλάδα</subfield>
   <subfield code="x">Ιστορία</subfield>
   <subfield code="y">1821-</subfield>
  </datafield>
  <datafield tag="651" ind1=" " ind2="0">
   <subfield code="a">Greece</subfield>
   <subfield code="x">History</subfield>
   <subfield code="y">1821-</subfield>
  </datafield>
  <datafield tag="852" ind1=" " ind2=" ">
   <subfield code="a">INST</subfield>
   <subfield code="b">UNIPILB</subfield>
   <subfield code="c">MAIN</subfield>
   <subfield code="e">20211218</subfield>
   <subfield code="h">949.506 ΧΙΛ</subfield>
   <subfield code="p">00186506</subfield>
   <subfield code="q">00186506</subfield>
   <subfield code="t">LOAN</subfield>
   <subfield code="v">τομ.3:</subfield>
   <subfield code="y">0</subfield>
   <subfield code="4">1</subfield>
  </datafield>
  <datafield tag="852" ind1=" " ind2=" ">
   <subfield code="a">INST</subfield>
   <subfield code="b">UNIPILB</subfield>
   <subfield code="c">MAIN</subfield>
   <subfield code="e">20211218</subfield>
   <subfield code="h">949.506 ΧΙΛ</subfield>
   <subfield code="p">00186507</subfield>
   <subfield code="q">00186507</subfield>
   <subfield code="t">LOAN</subfield>
   <subfield code="v">τομ.4:</subfield>
   <subfield code="y">0</subfield>
   <subfield code="4">1</subfield>
  </datafield>
  <datafield tag="852" ind1=" " ind2=" ">
   <subfield code="a">INST</subfield>
   <subfield code="b">UNIPILB</subfield>
   <subfield code="c">MAIN</subfield>
   <subfield code="e">20211218</subfield>
   <subfield code="h">949.506 ΧΙΛ</subfield>
   <subfield code="p">00186508</subfield>
   <subfield code="q">00186508</subfield>
   <subfield code="t">LOAN</subfield>
   <subfield code="v">τομ.5:</subfield>
   <subfield code="y">0</subfield>
   <subfield code="4">1</subfield>
  </datafield>
  <datafield tag="853" ind1=" " ind2=" ">
   <subfield code="a">INST</subfield>
   <subfield code="b">UNIPILB</subfield>
   <subfield code="c">MAIN</subfield>
   <subfield code="h">949.506 ΧΙΛ</subfield>
   <subfield code="l">τομ.5-τομ.3</subfield>
  </datafield>
  <datafield tag="960" ind1=" " ind2=" ">
   <subfield code="a">ΜΑΡΙΑ ΒΕΛ</subfield>
  </datafield>
 </record>
</collection>
